[Event "ENCI Limburg-open B"]
[Site "Maastricht"]
[Date "2009.06.01"]
[Round "7"]
[White "Van den Born, Ico"]
[Black "Carcan, Stephane"]
[Result "1-0"]
[WhiteElo "1876"]
[BlackElo "2022"]
[PlyCount "73"]
[EventDate "2009.05.29"]
[EventType "swiss"]
[EventRounds "7"]
[EventCountry "NED"]
[Source "P.Boonen"]
[SourceDate "2010.01.01"]

1. c4 g6 2. Nc3 Bg7 3. Nf3 d6 4. d4 Nf6 5. e4 O-O 6. Be2 Na6 7. O-O e5 8. d5
Nc5 9. Qc2 a5 10. Bg5 h6 11. Be3 b6 12. Nd2 h5 13. h3 Kh7 14. a3 Bh6 15. Bxh6
Kxh6 16. b4 Na6 17. Qb2 Bd7 18. f4 exf4 19. Rxf4 Qe7 20. Rf2 h4 21. Nf3 Nh5 22.
Bd3 Kh7 23. Qd2 Rae8 24. Ne2 Bc8 25. Ned4 axb4 26. Nc6 Qd7 27. axb4 Bb7 28.
Nxh4 Nb8 29. Nd4 Qe7 30. Nhf3 Nd7 31. Ra7 Rb8 32. g4 Nhf6 33. Qg5 Kg7 34. Nc6
Bxc6 35. dxc6 Ne5 36. Nd4 Qd8 37. Rxf6 1-0

[Event "ENCI Limburg-open B"]
[Site "Maastricht"]
[Date "2009.06.01"]
[Round "7"]
[White "Von Meijenfeldt, Bart"]
[Black "Swijsen, Lars"]
[Result "1-0"]
[WhiteElo "1984"]
[BlackElo "1860"]
[PlyCount "85"]
[EventDate "2009.05.29"]
[EventType "swiss"]
[EventRounds "7"]
[EventCountry "NED"]
[Source "P.Boonen"]
[SourceDate "2010.01.01"]

1. e4 e6 2. d4 d5 3. Nc3 Nf6 4. e5 Nfd7 5. Nce2 c5 6. c3 Nc6 7. f4 Qb6 8. Nf3
f6 9. a3 a5 10. g3 a4 11. Bh3 f5 12. O-O Ra6 13. Kh1 Qb3 14. Qe1 Na5 15. g4 g6
16. gxf5 gxf5 17. Qh4 Qc2 18. Ng3 Nb3 19. Qh5+ Kd8 20. Ne1 Qxc1 21. Rxc1 Nxc1
22. Nf3 Nd3 23. Ng5 Kc7 24. Qe2 c4 25. Qd2 Rb6 26. Rb1 Bxa3 27. Nxe6+ Kb8 28.
Bxf5 Bxb2 29. Bxd3 a3 30. Bf5 a2 31. Re1 a1=Q 32. Rxa1 Bxa1 33. Nc5 Nxe5 34.
Qe1 Nf3 35. Qxa1 Re8 36. Bxc8 Re1+ 37. Qxe1 Nxe1 38. Nd7+ Kc7 39. Nxb6 Kxb6 40.
f5 Nf3 41. f6 Ng5 42. h4 Nf7 43. Be6 1-0

[Event "ENCI Limburg-open C"]
[Site "Maastricht"]
[Date "2009.05.29"]
[Round "1"]
[White "Akkerboom, Hans"]
[Black "Frijns, Raoul"]
[Result "0-1"]
[WhiteElo "1255"]
[BlackElo "1632"]
[PlyCount "60"]
[EventDate "2009.05.29"]
[EventType "swiss"]
[EventRounds "7"]
[EventCountry "NED"]
[Source "P.Boonen"]
[SourceDate "2010.01.01"]

1. e4 c5 2. c3 d5 3. exd5 Qxd5 4. Nf3 Bg4 5. Be2 Nc6 6. O-O Nf6 7. Na3 a6 8.
Nc2 Qd7 9. Ng5 Bxe2 10. Qxe2 e6 11. Nf3 Bd6 12. d4 cxd4 13. Ncxd4 O-O 14. Bg5
Nd5 15. Nxc6 Qxc6 16. Nd4 Qd7 17. Rfe1 e5 18. c4 Nc7 19. Nc2 f6 20. Bd2 Ne6 21.
Rad1 Qc7 22. Kh1 Rfd8 23. f4 Nxf4 24. Bxf4 exf4 25. Qe6+ Kh8 26. b3 Be5 27. Qh3
Rxd1 28. Rxd1 Rd8 29. Rxd8+ Qxd8 30. Qf3 Qd2 0-1

[Event "ENCI Limburg-open C"]
[Site "Maastricht"]
[Date "2009.05.29"]
[Round "1"]
[White "Begri, Felix"]
[Black "Chan, Alexander"]
[Result "1-0"]
[WhiteElo "1625"]
[BlackElo "1204"]
[PlyCount "65"]
[EventDate "2009.05.29"]
[EventType "swiss"]
[EventRounds "7"]
[EventCountry "NED"]
[Source "P.Boonen"]
[SourceDate "2010.01.01"]

1. d4 Nf6 2. c4 e6 3. g3 d5 4. Bg2 Nc6 5. Nf3 g6 6. O-O Bg7 7. cxd5 Nxd5 8. e4
Nb6 9. Be3 Nc4 10. Nc3 O-O 11. Qe2 Nxe3 12. fxe3 Bd7 13. Rad1 Qe7 14. a3 a6 15.
Na2 Rad8 16. b4 Na7 17. Qc2 Bb5 18. Rf2 Qd7 19. Rc1 Rc8 20. Nc3 Rfd8 21. Bh3 c6
22. a4 Bc4 23. a5 Re8 24. Na4 Bb5 25. Nb6 Qc7 26. Nxc8 Qxc8 27. Qc5 Qb8 28. Ng5
Rf8 29. Nxf7 Nc8 30. Bxe6 Rxf7 31. Rxf7 Qd6 32. Qxd6 Nxd6 33. Rd7+ 1-0

[Event "ENCI Limburg-open C"]
[Site "Maastricht"]
[Date "2009.05.29"]
[Round "1"]
[White "Bok, Gidius"]
[Black "Orbons, Richard"]
[Result "1-0"]
[WhiteElo "1482"]
[BlackElo "1672"]
[PlyCount "53"]
[EventDate "2009.05.29"]
[EventType "swiss"]
[EventRounds "7"]
[EventCountry "NED"]
[Source "P.Boonen"]
[SourceDate "2010.01.01"]

1. e4 d6 2. Nc3 Nf6 3. Nf3 g6 4. Bc4 c6 5. d3 Bg7 6. Bg5 O-O 7. O-O e5 8. Nd2
Nbd7 9. h3 Nc5 10. Nb3 Ne6 11. Bxe6 Bxe6 12. f4 Qb6+ 13. Kh2 exf4 14. Bxf4 Ne8
15. Qe2 Rd8 16. Qe3 Nc7 17. Qxb6 axb6 18. Rab1 Bxb3 19. cxb3 Be5 20. Bxe5 dxe5
21. Rbd1 Ne6 22. g3 Kg7 23. b4 Rd4 24. a3 Rfd8 25. Rf3 b5 26. Ne2 Ng5 27. Nxd4
1-0

[Event "ENCI Limburg-open C"]
[Site "Maastricht"]
[Date "2009.05.29"]
[Round "1"]
[White "Bokern, Peter"]
[Black "Boer, Jan"]
[Result "0-1"]
[WhiteElo "1388"]
[BlackElo "1663"]
[PlyCount "80"]
[EventDate "2009.05.29"]
[EventType "swiss"]
[EventRounds "7"]
[EventCountry "NED"]
[Source "P.Boonen"]
[SourceDate "2010.01.01"]

1. e4 c5 2. Nf3 Nc6 3. d4 cxd4 4. Nxd4 Nf6 5. Nc3 e6 6. Be3 Bb4 7. f3 d5 8. Bd3
dxe4 9. Bxe4 Bxc3+ 10. bxc3 Nxe4 11. fxe4 Qh4+ 12. g3 Qxe4 13. Kf2 Ne5 14. Bf4
Qd5 15. Qe2 Ng6 16. Nb5 Qc5+ 17. Nd4 O-O 18. Bd2 e5 19. Qb5 Qc7 20. Nb3 Bd7 21.
Qc5 Qxc5+ 22. Nxc5 Bc6 23. Rhd1 Rad8 24. Bg5 f6 25. Be3 Rfe8 26. Rxd8 Rxd8 27.
Ne6 Rd6 28. Nc5 b6 29. Nd3 Ba4 30. Rc1 Bc6 31. Nb4 Be4 32. c4 a5 33. Na6 f5 34.
c5 bxc5 35. Nxc5 Bc6 36. Nb3 a4 37. Na5 Bd7 38. Nb7 Rd5 39. Nc5 f4 40. Nxd7
fxe3+ 0-1

[Event "ENCI Limburg-open C"]
[Site "Maastricht"]
[Date "2009.05.29"]
[Round "1"]
[White "Chappin, Rene"]
[Black "De Mon, Gino"]
[Result "1-0"]
[WhiteElo "1632"]
[BlackElo "1256"]
[PlyCount "81"]
[EventDate "2009.05.29"]
[EventType "swiss"]
[EventRounds "7"]
[EventCountry "NED"]
[Source "P.Boonen"]
[SourceDate "2010.01.01"]

1. f4 e6 2. Nf3 d5 3. e3 Nf6 4. Nc3 Nc6 5. Bb5 Bd7 6. O-O Bd6 7. d3 a6 8. Bxc6
Bxc6 9. Ne5 Qe7 10. d4 Bxe5 11. fxe5 Nd7 12. Qg4 g6 13. b3 Qb4 14. Bd2 Qe7 15.
a3 Bb5 16. Rf3 f5 17. exf6 Nxf6 18. Qg5 Ng8 19. Qe5 Nf6 20. Rxf6 O-O-O 21. Nxb5
axb5 22. Bb4 Qg7 23. Raf1 b6 24. Qxe6+ Qd7 25. Qxd7+ Rxd7 26. Rf8+ Rd8 27. Rxh8
Rxh8 28. Rf8+ Rxf8 29. Bxf8 Kd7 30. Kf2 Ke8 31. Bb4 Kd7 32. Kf3 Ke6 33. Kf4 Kf6
34. h4 h6 35. Kg4 Kf7 36. Be1 c5 37. c3 c4 38. b4 Ke6 39. Bg3 Kd7 40. Be5 Kd8
41. Bg7 1-0

[Event "ENCI Limburg-open C"]
[Site "Maastricht"]
[Date "2009.05.29"]
[Round "1"]
[White "Cox, Maud"]
[Black "Van Leeuwen, Jan"]
[Result "0-1"]
[WhiteElo "1157"]
[BlackElo "1612"]
[PlyCount "44"]
[EventDate "2009.05.29"]
[EventType "swiss"]
[EventRounds "7"]
[EventCountry "NED"]
[Source "P.Boonen"]
[SourceDate "2010.01.01"]

1. e4 c5 2. Nf3 Nc6 3. Nc3 e6 4. d4 cxd4 5. Nxd4 Nf6 6. Bg5 Be7 7. Nxc6 bxc6 8.
Bd3 Qa5 9. O-O Qxg5 10. Re1 e5 11. Qf3 d6 12. h3 h5 13. Rad1 Be6 14. Qg3 Qh6
15. h4 Rd8 16. Ba6 Rg8 17. Kf1 g5 18. hxg5 Rxg5 19. Qe3 Qg7 20. Ke2 Rxg2 21.
Kd2 Ng4 22. Qxa7 Bg5+ 0-1

[Event "ENCI Limburg-open C"]
[Site "Maastricht"]
[Date "2009.05.29"]
[Round "1"]
[White "De Lange, Gerard"]
[Black "Chotoe, Henry"]
[Result "1-0"]
[WhiteElo "1668"]
[BlackElo "1416"]
[PlyCount "71"]
[EventDate "2009.05.29"]
[EventType "swiss"]
[EventRounds "7"]
[EventCountry "NED"]
[Source "P.Boonen"]
[SourceDate "2010.01.01"]

1. e4 e5 2. Nf3 Nc6 3. Bc4 Bc5 4. c3 Nf6 5. d4 exd4 6. cxd4 Bb4+ 7. Bd2 Bxd2+
8. Nbxd2 O-O 9. e5 Ne8 10. d5 Na5 11. Qc2 Nxc4 12. Qxc4 d6 13. e6 fxe6 14. dxe6
Qe7 15. O-O Qxe6 16. Qh4 Qf6 17. Qc4+ Qe6 18. Qc1 Bd7 19. Ng5 Qd5 20. Ndf3 Qc6
21. Qe3 Qb6 22. Qe7 Nf6 23. Ne6 Bxe6 24. Qxe6+ Kh8 25. Ng5 h6 26. Nf3 Rae8 27.
Qc4 Re4 28. Qc3 Ng4 29. Qc2 Re2 30. Qxe2 d5 31. h3 Nf6 32. Ne5 Kg8 33. Qc2 Ne4
34. Nd7 Rxf2 35. Rxf2 Nxf2 36. Nxb6 1-0

[Event "ENCI Limburg-open C"]
[Site "Maastricht"]
[Date "2009.05.29"]
[Round "1"]
[White "Dijkstra, Hidde"]
[Black "Roemhild, Wolfgang"]
[Result "1-0"]
[WhiteElo "1274"]
[BlackElo "1648"]
[PlyCount "123"]
[EventDate "2009.05.29"]
[EventType "swiss"]
[EventRounds "7"]
[EventCountry "NED"]
[Source "P.Boonen"]
[SourceDate "2010.01.01"]

1. d4 g6 2. c4 Bg7 3. Nc3 b6 4. e3 Bb7 5. f4 Nf6 6. Nf3 O-O 7. Bd3 d6 8. O-O
Nbd7 9. b3 c5 10. d5 Nxd5 11. cxd5 Bxc3 12. Rb1 Bg7 13. e4 a6 14. Bb2 f6 15. a4
Qc7 16. Bc4 Rab8 17. Qd3 b5 18. axb5 a5 19. Ra1 Ra8 20. Bc3 Nb6 21. Qc2 a4 22.
Nd2 Nxc4 23. bxc4 f5 24. Bxg7 Kxg7 25. Rxa4 Rxa4 26. Qxa4 Ra8 27. Qc2 Qa5 28.
e5 Qa3 29. e6 Qe3+ 30. Kh1 Ra3 31. Qb2+ Qc3 32. Qxc3+ Rxc3 33. g3 Rc2 34. Rd1
h6 35. h4 Kf6 36. Kg2 g5 37. h5 g4 38. Kf2 Ra2 39. Ke2 Ra3 40. Kf2 Bc8 41. Rb1
Ra4 42. Rb3 Kg7 43. Ke2 Kf8 44. Kd3 Ke8 45. b6 Bb7 46. Kc3 Ra1 47. Nb1 Kd8 48.
Kb2 Ra4 49. Kc3 Kc8 50. Na3 Ba6 51. Nb5 Ra1 52. Na7+ Kb7 53. Nc6 Rc1+ 54. Kd2
Bxc4 55. Na5+ Kb8 56. Kxc1 Bxb3 57. Nxb3 Kb7 58. Kc2 Kxb6 59. Kc3 Kb5 60. Nd2
c4 61. Nxc4 Kc5 62. Ne3 1-0

[Event "ENCI Limburg-open C"]
[Site "Maastricht"]
[Date "2009.05.29"]
[Round "1"]
[White "Freriks, Oscar"]
[Black "Van Herck, Raf"]
[Result "0-1"]
[WhiteElo "1549"]
[BlackElo "1625"]
[PlyCount "52"]
[EventDate "2009.05.29"]
[EventType "swiss"]
[EventRounds "7"]
[EventCountry "NED"]
[Source "P.Boonen"]
[SourceDate "2010.01.01"]

1. e4 e6 2. d4 d5 3. Nc3 Bb4 4. Bd3 c5 5. dxc5 Bxc3+ 6. bxc3 Qa5 7. exd5 Qxc3+
8. Bd2 Qe5+ 9. Be3 Qxd5 10. Nf3 Ne7 11. O-O O-O 12. Ng5 h6 13. Ne4 Nd7 14. Re1
f5 15. Nd6 Nxc5 16. Bxc5 Qxc5 17. Nxc8 Qxc8 18. Qe2 Rf6 19. Bc4 Kf7 20. Rad1
Qc6 21. Bb5 Qb6 22. Qe5 Rd8 23. Bd7 Nd5 24. Rxd5 exd5 25. Qe7+ Kg8 26. Re6 Rxd7
0-1

[Event "ENCI Limburg-open C"]
[Site "Maastricht"]
[Date "2009.05.29"]
[Round "1"]
[White "Geene, Joris"]
[Black "Daemen, Jules"]
[Result "1/2-1/2"]
[WhiteElo "1210"]
[BlackElo "1626"]
[PlyCount "90"]
[EventDate "2009.05.29"]
[EventType "swiss"]
[EventRounds "7"]
[EventCountry "NED"]
[Source "P.Boonen"]
[SourceDate "2010.01.01"]

1. e4 e6 2. d4 d5 3. e5 c5 4. Nf3 Nc6 5. Bb5 Bd7 6. Bxc6 Bxc6 7. c3 Be7 8. O-O
Nh6 9. Bxh6 gxh6 10. Qd3 Qb6 11. Nbd2 O-O-O 12. a4 a6 13. h3 Rdg8 14. a5 Qc7
15. Rfb1 c4 16. Qe3 Rg6 17. g3 Bg5 18. Nxg5 hxg5 19. b3 Bb5 20. bxc4 Bxc4 21.
Nxc4 Qxc4 22. Qf3 Qc7 23. Qe2 f5 24. Qh5 f4 25. Qf3 h5 26. Qd3 Rhg8 27. Rb6 Qf7
28. c4 Rd8 29. cxd5 Rxd5 30. Qc2+ Kb8 31. Rab1 Rg7 32. Rxa6 Qd7 33. Rab6 Rxa5
34. Rxb7+ Qxb7 35. Rxb7+ Rxb7 36. Qg6 fxg3 37. Qxg5 gxf2+ 38. Kxf2 Ra3 39. Qc1
Rxh3 40. Qa1 Rh2+ 41. Kg3 Rbb2 42. Qa6 Rhg2+ 43. Kh4 Rh2+ 44. Kg3 Rbg2+ 45. Kf3
Rf2+ 1/2-1/2

[Event "ENCI Limburg-open C"]
[Site "Maastricht"]
[Date "2009.05.29"]
[Round "1"]
[White "Gendarme, Pierre"]
[Black "Ingelaere, Arthur"]
[Result "1-0"]
[WhiteElo "1619"]
[BlackElo "1188"]
[PlyCount "47"]
[EventDate "2009.05.29"]
[EventType "swiss"]
[EventRounds "7"]
[EventCountry "NED"]
[Source "P.Boonen"]
[SourceDate "2010.01.01"]

1. e4 c5 2. Nc3 Nc6 3. g3 g6 4. Bg2 Bg7 5. d3 Nf6 6. f4 d6 7. Nf3 Bd7 8. O-O
Qc8 9. Re1 O-O 10. e5 dxe5 11. Nxe5 Bg4 12. Bf3 Bxf3 13. Nxf3 e6 14. Ng5 Qd7
15. Nge4 Nd5 16. Kg2 b6 17. Bd2 e5 18. fxe5 Nxe5 19. Kg1 Nc6 20. Bh6 Bd4+ 21.
Kg2 Rfe8 22. Qf3 f5 23. Nxd5 Qxd5 24. Nf6+ 1-0

[Event "ENCI Limburg-open C"]
[Site "Maastricht"]
[Date "2009.05.29"]
[Round "1"]
[White "Haitsma, Henk"]
[Black "Marcoen, Tom"]
[Result "1-0"]
[WhiteElo "1673"]
[BlackElo "1488"]
[PlyCount "39"]
[EventDate "2009.05.29"]
[EventType "swiss"]
[EventRounds "7"]
[EventCountry "NED"]
[Source "P.Boonen"]
[SourceDate "2010.01.01"]

1. d4 Nf6 2. c4 g6 3. Nc3 Bg7 4. e4 d6 5. f4 c5 6. d5 O-O 7. Nf3 e6 8. e5 dxe5
9. fxe5 Ng4 10. Bf4 exd5 11. cxd5 Re8 12. Bc4 Nxe5 13. Nxe5 Bxe5 14. O-O Bxf4
15. Rxf4 Qg5 16. Qf3 Bf5 17. Bb5 Bd7 18. Rxf7 Re7 19. Rf1 Bxb5 20. Rg7+ 1-0

[Event "ENCI Limburg-open C"]
[Site "Maastricht"]
[Date "2009.05.29"]
[Round "1"]
[White "Heman, Frans"]
[Black "Ooms, Bart"]
[Result "1-0"]
[WhiteElo "1538"]
[BlackElo "1739"]
[PlyCount "101"]
[EventDate "2009.05.29"]
[EventType "swiss"]
[EventRounds "7"]
[EventCountry "NED"]
[Source "P.Boonen"]
[SourceDate "2010.01.01"]

1. f4 d5 2. Nf3 Nf6 3. e3 e6 4. b3 Be7 5. Bb2 O-O 6. Bd3 h6 7. O-O c5 8. Ne5 b6
9. Qe1 Nfd7 10. Rf3 Nxe5 11. Bxe5 Bb7 12. Rh3 c4 13. Qg3 f6 14. Bxb8 cxd3 15.
cxd3 Rxb8 16. Rxh6 Qe8 17. Nc3 f5 18. Rxe6 Rf6 19. Re5 Qf7 20. Nb5 a6 21. Rxe7
Qxe7 22. Nd4 a5 23. Qg5 Qf7 24. Rf1 Ba6 25. Nf3 Bxd3 26. Ne5 Qc7 27. Nxd3 d4
28. Rc1 Qd6 29. Ne5 dxe3 30. dxe3 Qd2 31. Rf1 Qxe3+ 32. Kh1 Rd8 33. h3 Qe2 34.
Rg1 Rd2 35. Qg3 Rh6 36. Nf3 Rxa2 37. Re1 Qb5 38. Nd4 Qd5 39. Nf3 Qxb3 40. Re8+
Kf7 41. Ng5+ Kxe8 42. Qxb3 Ra1+ 43. Kh2 Rf6 44. Qg8+ Rf8 45. Qxg7 Re1 46. Qg6+
Kd8 47. Qxb6+ Ke7 48. Qxa5 Re4 49. Qc5+ Ke8 50. Nxe4 fxe4 51. Qe5+ 1-0

[Event "ENCI Limburg-open C"]
[Site "Maastricht"]
[Date "2009.05.29"]
[Round "1"]
[White "Heuts, Guido"]
[Black "Koehorst, Andre"]
[Result "1/2-1/2"]
[WhiteElo "1510"]
[BlackElo "1682"]
[PlyCount "101"]
[EventDate "2009.05.29"]
[EventType "swiss"]
[EventRounds "7"]
[EventCountry "NED"]
[Source "P.Boonen"]
[SourceDate "2010.01.01"]

1. d4 d5 2. c4 dxc4 3. Nc3 g6 4. e4 Bg7 5. Nf3 Bg4 6. Bxc4 e6 7. d5 a6 8. O-O
e5 9. h3 Bxf3 10. Qxf3 Qd6 11. Bd2 Nf6 12. a3 Nbd7 13. b4 b5 14. Bb3 O-O 15.
Be3 c5 16. dxc6 Qxc6 17. Nd5 Kh8 18. Rac1 Qd6 19. Rfd1 Qb8 20. Nc7 Nb6 21. Nxa8
Nxa8 22. Bc5 Rc8 23. Bd6 Qb7 24. Rxc8+ Qxc8 25. Bxf7 Qb7 26. Bxe5 Qe7 27. Bxf6
Bxf6 28. Rd7 Qe5 29. Rd8+ Bxd8 30. Bd5 Bf6 31. Bxa8 Kg7 32. Bd5 Qa1+ 33. Kh2
Qe5+ 34. g3 Qc7 35. Kg2 h5 36. Qd3 h4 37. g4 Qf4 38. Qf3 Qe5 39. Qe3 Qc7 40. f4
Qc2+ 41. Qf2 Qc7 42. e5 Bd8 43. g5 Qc3 44. Qa7+ Kh8 45. Qf7 Qg3+ 46. Kf1 Qxh3+
47. Bg2 Qd3+ 48. Kg1 Bb6+ 49. Kh2 Qg3+ 50. Kh1 Qe1+ 51. Kh2 1/2-1/2

[Event "ENCI Limburg-open C"]
[Site "Maastricht"]
[Date "2009.05.29"]
[Round "1"]
[White "Ingelaere, Tijl"]
[Black "Esser, Thomas"]
[Result "0-1"]
[WhiteElo "1448"]
[BlackElo "1670"]
[PlyCount "90"]
[EventDate "2009.05.29"]
[EventType "swiss"]
[EventRounds "7"]
[EventCountry "NED"]
[Source "P.Boonen"]
[SourceDate "2010.01.01"]

1. e4 c5 2. Nf3 e6 3. d4 cxd4 4. Nxd4 Nf6 5. Nc3 Nc6 6. Bc4 Bb4 7. Qd3 Ne5 8.
Qe2 O-O 9. Bd2 Qb6 10. Nf3 Nxc4 11. Qxc4 d5 12. exd5 exd5 13. Qd4 Re8+ 14. Be3
Bc5 15. Nxd5 Bxd4 16. Nxb6 Bxb6 17. O-O-O Bxe3+ 18. fxe3 Bf5 19. Nd4 Bg6 20.
Rhe1 Ng4 21. Nb5 Rac8 22. Rd2 Rxe3 23. Rxe3 Nxe3 24. Nxa7 Rxc2+ 25. Rxc2 Nxc2
26. Nb5 Ne3 27. g3 Nf1 28. Nd6 b6 29. Nc4 b5 30. Na3 Bd3 31. b3 b4 32. Nc2 Bxc2
33. Kxc2 Nxh2 34. Kd3 Kf8 35. Kc4 Ke7 36. Kxb4 Kd6 37. a4 Kc6 38. Ka5 Nf3 39.
b4 Nd4 40. b5+ Nxb5 41. axb5+ Kb7 42. b6 h5 43. Kb5 g5 44. Kc4 h4 45. gxh4 gxh4
0-1

[Event "ENCI Limburg-open C"]
[Site "Maastricht"]
[Date "2009.05.29"]
[Round "1"]
[White "Kerssemakers, Frans"]
[Black "Hebels, Alex"]
[Result "0-1"]
[WhiteElo "1609"]
[BlackElo "1144"]
[PlyCount "36"]
[EventDate "2009.05.29"]
[EventType "swiss"]
[EventRounds "7"]
[EventCountry "NED"]
[Source "P.Boonen"]
[SourceDate "2010.01.01"]

1. d4 f5 2. Bg5 g6 3. h4 Nf6 4. Nf3 Bg7 5. c4 d6 6. Nc3 O-O 7. e3 c6 8. Qc2
Nbd7 9. Be2 Qe8 10. O-O e5 11. dxe5 dxe5 12. Bxf6 Nxf6 13. b4 Ng4 14. Rad1 e4
15. Nd4 f4 16. exf4 Rxf4 17. g3 Qe5 18. Kg2 Rxf2+ 0-1

[Event "ENCI Limburg-open C"]
[Site "Maastricht"]
[Date "2009.05.29"]
[Round "1"]
[White "Lenders, Raoul"]
[Black "De Lange, Marieke"]
[Result "1-0"]
[WhiteElo "1652"]
[BlackElo "1292"]
[PlyCount "55"]
[EventDate "2009.05.29"]
[EventType "swiss"]
[EventRounds "7"]
[EventCountry "NED"]
[Source "P.Boonen"]
[SourceDate "2010.01.01"]

1. e4 e5 2. Nf3 Nc6 3. Bc4 Nf6 4. Ng5 d5 5. exd5 Na5 6. Bb5+ c6 7. dxc6 bxc6 8.
Qf3 Bb7 9. Ba4 Bc5 10. O-O Bb6 11. b4 Nc4 12. Bxc6+ Bxc6 13. Qxc6+ Nd7 14. Nxf7
Rc8 15. Nxd8 Rxc6 16. Nxc6 O-O 17. Na3 Nd6 18. c4 Ne4 19. c5 Ndxc5 20. bxc5
Bxc5 21. d4 exd4 22. Rb1 d3 23. Rb8 Nc3 24. Rxf8+ Kxf8 25. Nc4 Ne2+ 26. Kh1
Nxc1 27. Rxc1 Bxf2 28. Rf1 1-0

[Event "ENCI Limburg-open C"]
[Site "Maastricht"]
[Date "2009.05.29"]
[Round "1"]
[White "Liston, Mike"]
[Black "Arns, Danny"]
[Result "1-0"]
[WhiteElo "1670"]
[BlackElo "1438"]
[PlyCount "73"]
[EventDate "2009.05.29"]
[EventType "swiss"]
[EventRounds "7"]
[EventCountry "NED"]
[Source "P.Boonen"]
[SourceDate "2010.01.01"]

1. e4 e6 2. d4 d5 3. exd5 exd5 4. Bd3 Nf6 5. Nf3 Bd6 6. O-O O-O 7. Nc3 Bg4 8.
Bg5 Nbd7 9. Nxd5 c6 10. Nxf6+ Nxf6 11. c3 Bc7 12. Bh4 Qd5 13. Be2 Qh5 14. Bg3
Bxg3 15. fxg3 Ne4 16. Qc2 Nf6 17. Rae1 Bf5 18. Bd3 Bxd3 19. Qxd3 Rfe8 20. Ne5
Ng4 21. Nxg4 Qxg4 22. Qf3 Qxf3 23. gxf3 Kf8 24. Kf2 Rad8 25. Rxe8+ Rxe8 26. Re1
Rxe1 27. Kxe1 Ke7 28. Ke2 g5 29. Ke3 f5 30. h3 h5 31. g4 fxg4 32. fxg4 hxg4 33.
hxg4 b5 34. Ke4 Ke6 35. b3 a5 36. a4 bxa4 37. bxa4 1-0

[Event "ENCI Limburg-open C"]
[Site "Maastricht"]
[Date "2009.05.29"]
[Round "1"]
[White "Mohamedjoesoef, Rafiek"]
[Black "De Ridder, Naomi"]
[Result "1-0"]
[WhiteElo "1664"]
[BlackElo "1400"]
[PlyCount "87"]
[EventDate "2009.05.29"]
[EventType "swiss"]
[EventRounds "7"]
[EventCountry "NED"]
[Source "P.Boonen"]
[SourceDate "2010.01.01"]

1. e4 e5 2. Nf3 Nc6 3. Bc4 Nf6 4. Ng5 d5 5. exd5 b5 6. Bxb5 Qxd5 7. Bf1 h6 8.
Nc3 Qd8 9. Nge4 Bf5 10. Bb5 Bxe4 11. Nxe4 Qd5 12. Nxf6+ gxf6 13. Bxc6+ Qxc6 14.
O-O Rg8 15. g3 f5 16. Re1 e4 17. d3 O-O-O 18. Qh5 Qe6 19. dxe4 fxe4 20. Bf4 f5
21. Re3 Bg7 22. Rb3 Rgf8 23. Qe2 Rf6 24. Qb5 Qb6 25. Qc4 Qc6 26. Qb4 Rff8 27.
Qb8+ Kd7 28. Rd1+ Ke7 29. Rxd8 Rxd8 30. Qxc7+ Qxc7 31. Bxc7 Rd2 32. c3 h5 33.
a4 Bh6 34. Bb8 e3 35. fxe3 Bxe3+ 36. Kh1 Rd1+ 37. Kg2 Rd2+ 38. Kf3 Bb6 39. Kf4
Rf2+ 40. Kg5 Rxh2 41. Kxf5 h4 42. gxh4 Rxh4 43. Bxa7 Bxa7 44. Rb7+ 1-0

[Event "ENCI Limburg-open C"]
[Site "Maastricht"]
[Date "2009.05.29"]
[Round "1"]
[White "Mohr, Markus"]
[Black "Heijltjes, Thijs"]
[Result "1/2-1/2"]
[WhiteElo "1671"]
[BlackElo "1450"]
[PlyCount "85"]
[EventDate "2009.05.29"]
[EventType "swiss"]
[EventRounds "7"]
[EventCountry "NED"]
[Source "P.Boonen"]
[SourceDate "2010.01.01"]

1. e4 e5 2. f4 exf4 3. Nf3 Bc5 4. d4 Bb6 5. Bxf4 Ne7 6. Nbd2 d5 7. c3 O-O 8. e5
c5 9. Be2 cxd4 10. cxd4 Nbc6 11. Nb3 Bg4 12. Bg5 Ba5+ 13. Nfd2 Bxd2+ 14. Qxd2
Bxe2 15. Qxe2 Qd7 16. Bxe7 Qxe7 17. O-O f6 18. Qb5 Rad8 19. exf6 Rxf6 20. Rxf6
gxf6 21. Qd3 Re8 22. Rf1 Nb4 23. Qg3+ Kh8 24. a3 Nc6 25. Qf3 Qe3+ 26. Qf2 Qxf2+
27. Kxf2 Re4 28. Re1 Rh4 29. Kg3 Rh5 30. h3 Rg5+ 31. Kf3 Kg7 32. h4 Rf5+ 33.
Ke3 Rh5 34. Rh1 f5 35. Nc5 b6 36. Ne6+ Kf7 37. Nf4 Rh6 38. Nxd5 Re6+ 39. Kf4
Nxd4 40. Nc3 Ne2+ 41. Nxe2 Rxe2 42. Kxf5 Rxg2 43. Rc1 1/2-1/2

[Event "ENCI Limburg-open C"]
[Site "Maastricht"]
[Date "2009.05.29"]
[Round "1"]
[White "Ramaekers, Philippe"]
[Black "Hilverda, Jan"]
[Result "1-0"]
[WhiteElo "1570"]
[BlackElo "989"]
[PlyCount "65"]
[EventDate "2009.05.29"]
[EventType "swiss"]
[EventRounds "7"]
[EventCountry "NED"]
[Source "P.Boonen"]
[SourceDate "2010.01.01"]

1. e4 c5 2. Nf3 Nc6 3. d4 cxd4 4. Nxd4 Nf6 5. Nc3 Qc7 6. Ndb5 Qd8 7. e5 a6 8.
Nd6+ exd6 9. exf6 b5 10. Qe2+ Ne5 11. f4 Qxf6 12. Nd5 Qd8 13. fxe5 Bb7 14.
exd6+ Be7 15. Nc7+ Kf8 16. dxe7+ Qxe7 17. Qxe7+ Kxe7 18. Nxa8 Bxa8 19. Bf4 Kd8
20. O-O-O Re8 21. Bd3 h6 22. Bf5 Bc6 23. Rd2 Re7 24. Rhd1 Ke8 25. Bd6 Re3 26.
Bc5 Re5 27. Bd6 Rxf5 28. Re2+ Kd8 29. Rde1 Kc8 30. Re8+ Kb7 31. Rb8+ Ka7 32.
Ree8 Rf6 33. Bc5# 1-0

[Event "ENCI Limburg-open C"]
[Site "Maastricht"]
[Date "2009.05.29"]
[Round "1"]
[White "Reyskens, Jules"]
[Black "Slangen Knuit, Dien"]
[Result "1-0"]
[WhiteElo "1642"]
[BlackElo "1265"]
[PlyCount "61"]
[EventDate "2009.05.29"]
[EventType "swiss"]
[EventRounds "7"]
[EventCountry "NED"]
[Source "P.Boonen"]
[SourceDate "2010.01.01"]

1. e4 e5 2. Nf3 d6 3. d4 exd4 4. Qxd4 Nf6 5. Nc3 Be7 6. Be3 O-O 7. O-O-O Nc6 8.
Qd2 Bg4 9. h3 Bxf3 10. gxf3 Ne5 11. Be2 c6 12. Rdg1 g6 13. f4 Ned7 14. h4 h5
15. f5 Ne5 16. fxg6 fxg6 17. f3 d5 18. Bd4 Nfd7 19. f4 Nc4 20. Bxc4 dxc4 21.
Rxg6+ Kf7 22. Rg7+ Ke8 23. Qe2 Qc7 24. Qxh5+ Kd8 25. e5 Rxf4 26. Rxe7 Rf1+ 27.
Rxf1 Kxe7 28. Qf7+ Kd8 29. Rg1 Qa5 30. e6 Kc7 31. Qxd7+ 1-0

[Event "ENCI Limburg-open C"]
[Site "Maastricht"]
[Date "2009.05.29"]
[Round "1"]
[White "Schoffelen, Jan"]
[Black "Vissers, Yorrick"]
[Result "1/2-1/2"]
[WhiteElo "1421"]
[BlackElo "1670"]
[PlyCount "99"]
[EventDate "2009.05.29"]
[EventType "swiss"]
[EventRounds "7"]
[EventCountry "NED"]
[Source "P.Boonen"]
[SourceDate "2010.01.01"]

1. e4 c5 2. f4 d6 3. Nf3 Nc6 4. Bc4 e6 5. O-O Be7 6. c3 Nf6 7. Re1 O-O 8. d4 d5
9. exd5 Nxd5 10. Bxd5 exd5 11. dxc5 Bxc5+ 12. Be3 Bxe3+ 13. Rxe3 Bg4 14. Qd3
Qb6 15. Nbd2 Bf5 16. Qe2 Qxb2 17. Nb3 Qa3 18. Nbd4 Bd7 19. c4 Qc5 20. Nxc6 Bxc6
21. cxd5 Rfe8 22. Re1 Bxd5 23. Qf2 Rxe3 24. Rxe3 Qc1+ 25. Ne1 Bc6 26. h3 h6 27.
Qe2 Qc5 28. Kh2 Qf5 29. Qf2 Rd8 30. g4 Qf6 31. Kg3 a6 32. Nd3 Re8 33. Ne5 Bb5
34. Qc2 Qb6 35. Qc3 Qd6 36. Qb3 Rf8 37. Rc3 Qd4 38. Rc1 Qd6 39. Rd1 Qf6 40. a4
g5 41. axb5 Qxf4+ 42. Kg2 Qxe5 43. bxa6 bxa6 44. Rd5 Qf4 45. Rf5 Qe4+ 46. Kf2
Qd4+ 47. Kf3 Qd7 48. Rf6 Re8 49. Rxa6 Re6 50. Ra8+ 1/2-1/2